Γραφικά και εικονική πραγματικότητα : θεωρία και πράξη

Αποθηκεύτηκε σε:
Λεπτομέρειες βιβλιογραφικής εγγραφής
Άλλοι συγγραφείς: Hughes, John F., 1955-
Μορφή: Βιβλίο
Γλώσσα:Greek
English
Δημοσίευση: [Αθήνα] : Fountas, [μεταξύ 2015 και 2020]
Έκδοση:3η έκδοση.
Θέματα:
Ετικέτες: Προσθήκη ετικέτας
Δεν υπάρχουν, Καταχωρήστε ετικέτα πρώτοι!

MARC

LEADER 00000cam a2200000 a 4500
001 1/122430
008 210111q20152020gr | ||| |||| ||gre||
020 |a 9789603307990 
040 |a GR-MyUa  |b gre  |c GR-MyUa  |e AACR2 
041 1 |a gre  |h eng 
082 7 |a 006.6   |2 (23) 
245 0 0 |a Γραφικά και εικονική πραγματικότητα :   |b θεωρία και πράξη /   |c John F. Hughes... [κ.ά.] ; μετάφραση: Η. Καψής, Π. Λουκαρέας, Ματίλντα Γρηγ. Φούντα. 
250 |a 3η έκδοση. 
260 |a [Αθήνα] :   |b Fountas,   |c [μεταξύ 2015 και 2020] 
300 |a 952 σ. :   |b εικ. ;   |c 28 εκ. 
500 |a Τίτλος πρωτοτύπου: Computer graphics : principles and practice. 
500 |a Περιλαμβάνει ευρετήριο. 
650 0 |a Computer graphics. 
700 1 |a Hughes, John F.,   |d 1955- 
852 |a INST  |b SYROS  |c EUDOXUS  |e 20210111  |h 006.6 ΓΡΑ  |p 005500014685  |q 005500014685  |t EDX  |y 0 
920 |a Εύδοξος  |b Παραγγελία  |y Σύρος-ΤΜΣΠΣ  |z 2021-01 
970 |a Κοντού  |b Παρασκευή  |z 11/01/2021